[Event "Washington Open"]
[Site "Chess.com"]
[Date "2020.05.23"]
[Round "?"]
[White "Pai, Kushal"]
[Black "Chen, Minda"]
[Result "1/2-1/2"]
[WhiteElo "1687"]
[BlackElo "1966"]
[PlyCount "82"]
[EventDate "2020.??.??"]

1. d4 Nf6 2. Nf3 d5 3. Bf4 c5 4. e3 Nc6 5. c3 e6 6. Nbd2 Bd6 7. Bg3 O-O 8. Bd3
b6 9. a4 Qc7 10. Bxd6 Qxd6 11. O-O Bb7 12. Qe2 Rfe8 13. e4 dxe4 14. Nxe4 Nxe4
15. Bxe4 cxd4 16. cxd4 Red8 17. Rfd1 Qe7 18. Qe3 Nb4 19. Rac1 Rac8 20. Bxb7
Qxb7 21. b3 h6 22. Rc4 Nd5 23. Qe4 b5 24. axb5 Qxb5 25. Rdc1 Rb8 26. Ne5 Re8
27. Qf3 Nf6 28. Rc7 Rf8 29. Rxa7 Qxb3 30. Qxb3 Rxb3 31. f3 Nd5 32. Rc2 f6 33.
Nd7 Re8 34. Nc5 Rb4 35. Ra4 Rxa4 36. Nxa4 Kf7 37. Nc5 Rc8 38. Rb2 Nf4 39. g3
Nd5 40. Kf2 e5 41. Rb7+ Ne7 1/2-1/2

[Event "Washington Open"]
[Site "Chess.com"]
[Date "2020.05.24"]
[Round "?"]
[White "Pai, Kushal"]
[Black "Merwin, Steven"]
[Result "1/2-1/2"]
[WhiteElo "1687"]
[BlackElo "1959"]
[PlyCount "112"]
[EventDate "2020.??.??"]

1. e4 d5 2. exd5 Nf6 3. Nc3 Nxd5 4. d4 Nxc3 5. bxc3 g6 6. Nf3 Bg7 7. h3 O-O 8.
Bd3 c5 9. Bb2 Qc7 10. O-O Nc6 11. d5 Ne5 12. Nxe5 Bxe5 13. Qe2 e6 14. Rfe1 Bg7
15. Be4 f5 16. Bf3 e5 17. Qd2 e4 18. Be2 Rd8 19. Red1 Be6 20. Bc4 Rd6 21. Qe2
Bf7 22. Rab1 Rad8 23. Bc1 Be5 24. Bg5 Rb8 25. a4 a6 26. Bb3 b5 27. c4 b4 28. f3
Re8 29. fxe4 Kg7 30. Kh1 h6 31. Bc1 fxe4 32. Qxe4 Rf6 33. Qg4 g5 34. Bd2 Bg6
35. Rf1 Ref8 36. Rxf6 Rxf6 37. Qe2 Bd4 38. Rf1 Rxf1+ 39. Qxf1 Qe5 40. a5 Be4
41. Be1 g4 42. hxg4 h5 43. g5 Qxg5 44. Qe2 Be3 45. c3 h4 46. Bc2 Bxc2 47. Qxc2
b3 48. Qxb3 Qf4 49. Qb7+ Kh6 50. Qa8 Qf1+ 51. Kh2 Qg1+ 52. Kh3 Qh1+ 53. Kg4
Qxg2+ 54. Kf5 Qf3+ 55. Ke6 Qg4+ 56. Kd6 Qg6+ 1/2-1/2

[Event "Washington Open"]
[Site "Chess.com"]
[Date "2020.05.24"]
[Round "?"]
[White "Vijayakumar, Advaith"]
[Black "Pai, Kushal"]
[Result "0-1"]
[WhiteElo "2026"]
[BlackElo "1687"]
[PlyCount "76"]
[EventDate "2020.??.??"]

1. d4 Nf6 2. c4 e6 3. Nf3 d5 4. Bg5 Be7 5. cxd5 exd5 6. Nc3 O-O 7. e3 h6 8. Bh4
Be6 9. Bd3 Nbd7 10. O-O b6 11. Ne5 Nxe5 12. dxe5 Nd7 13. Bxe7 Qxe7 14. f4 g6
15. Qf3 c6 16. Kh1 Nc5 17. Bc2 f5 18. exf6 Qxf6 19. Ne2 Bf5 20. Bxf5 gxf5 21.
Nd4 Ne4 22. b4 Kh7 23. Rg1 c5 24. Nb3 Rg8 25. Rad1 Qb2 26. Nd2 Nxd2 27. Qxd5
Rad8 28. Qxf5+ Kh8 29. bxc5 bxc5 30. h3 c4 31. e4 Qg7 32. e5 Rd3 33. Qh5 c3 34.
Qe2 Rg3 35. e6 Nf3 36. Rgf1 c2 37. Rxf3 cxd1=Q+ 38. Qxd1 Rxh3+ 0-1

[Event "Washington Open"]
[Site "Chess.com"]
[Date "2020.05.25"]
[Round "?"]
[White "Anand, Vignesh"]
[Black "Pai, Kushal"]
[Result "0-1"]
[WhiteElo "2080"]
[BlackElo "1687"]
[PlyCount "90"]
[EventDate "2020.??.??"]

1. d4 Nf6 2. c4 e6 3. Nf3 d5 4. Bg5 Be7 5. e3 O-O 6. Nc3 b6 7. cxd5 exd5 8. Bd3
h6 9. Bh4 Be6 10. Ne5 c5 11. Rc1 Nfd7 12. Bxe7 Qxe7 13. f4 Nxe5 14. dxe5 d4 15.
exd4 cxd4 16. Nb5 Qb4+ 17. Qd2 Na6 18. Nxd4 Rfd8 19. Nxe6 Rxd3 20. Qxb4 Nxb4
21. a3 Nd5 22. Nc7 Rc8 23. Ke2 Nxf4+ 24. Kf2 Rd7 25. Kf3 Nd3 26. Rhd1 Nxe5+ 27.
Ke4 Rxd1 28. Rxd1 Rxc7 29. Kxe5 Rc2 30. Rd8+ Kh7 31. b4 Rxg2 32. Rd7 f6+ 33.
Ke6 a5 34. b5 Rxh2 35. Rd4 h5 36. Kd6 Rc2 37. Kd7 g5 38. Rd6 g4 39. Ke6 Rf2 40.
Rxb6 g3 41. Rb7+ Kg6 42. b6 g2 43. Rb8 Re2+ 44. Kd5 Kg7 45. b7 Rb2 0-1

[Event "Washington Open"]
[Site "Chess.com"]
[Date "2020.05.25"]
[Round "?"]
[White "Pai, Kushal"]
[Black "Beck, Alec"]
[Result "1-0"]
[WhiteElo "1687"]
[BlackElo "1942"]
[PlyCount "141"]
[EventDate "2020.??.??"]

1. d4 Nf6 2. Nf3 g6 3. Bf4 Bg7 4. e3 d6 5. h3 Nfd7 6. c3 e5 7. dxe5 dxe5 8. Bg5
f6 9. Bh4 O-O 10. Bc4+ Kh8 11. O-O Nc6 12. a4 Qe7 13. e4 Nb6 14. Ba2 Be6 15. b4
Rad8 16. Qc2 Qf7 17. Bxe6 Qxe6 18. Na3 Rfe8 19. a5 Nc4 20. Nxc4 Qxc4 21. Rac1
Qd3 22. Qxd3 Rxd3 23. Rfd1 Red8 24. Rxd3 Rxd3 25. Ne1 Rd6 26. f3 Bh6 27. Rc2
Kg7 28. Bf2 a6 29. g4 Nd8 30. Kf1 Ne6 31. h4 Kf7 32. Ng2 Ke8 33. Ke2 Kd7 34.
Be3 Bxe3 35. Kxe3 Kc6 36. Rd2 Rxd2 37. Kxd2 Kd6 38. Kd3 c6 39. Kc4 Kc7 40. Ne1
Nf4 41. Nd3 Ng2 42. h5 gxh5 43. gxh5 Ne3+ 44. Kb3 Nf1 45. Kc2 Nh2 46. Ne1 h6
47. Kd3 Nf1 48. f4 Ng3 49. fxe5 fxe5 50. Ke3 Nxh5 51. Nd3 Nf6 52. Nxe5 h5 53.
Kf4 h4 54. Nf3 h3 55. Kf5 Ne8 56. e5 Kd7 57. Kg4 Nc7 58. c4 c5 59. bxc5 Kc6 60.
Kxh3 Kxc5 61. Kg4 Kxc4 62. Kf5 Kb4 63. e6 Kxa5 64. e7 b5 65. Ke5 b4 66. Kd6
Ne8+ 67. Kd7 Ng7 68. Nd4 Kb6 69. Nf5 Nh5 70. Ke6 Nf4+ 71. Kd6 1-0

[Event "Washington Open"]
[Site "Chess.com"]
[Date "2020.05.23"]
[Round "?"]
[White "Vemparala, Nikash"]
[Black "Vijayakumar, Advaith"]
[Result "0-1"]
[WhiteElo "1684"]
[BlackElo "2026"]
[PlyCount "58"]
[EventDate "2020.??.??"]

1. e4 c5 2. Nc3 Nc6 3. g3 g6 4. Bg2 Bg7 5. d3 d6 6. Be3 e5 7. f4 Nge7 8. Nf3
O-O 9. fxe5 Nxe5 10. Nxe5 Bxe5 11. Qd2 Be6 12. O-O Rc8 13. Bh6 Re8 14. Bg5 Qb6
15. Bf6 Bd4+ 16. Bxd4 cxd4 17. Nd1 Qc5 18. Rf2 d5 19. c3 dxe4 20. dxe4 Red8 21.
cxd4 Rxd4 22. Qc3 Qb6 23. Qf3 Rc2 24. Kh1 Rxd1+ 25. Rxd1 Qxf2 26. Qxf2 Rxf2 27.
Rd8+ Kg7 28. h4 Rxb2 29. a4 Rb4 0-1

[Event "Washington Open"]
[Site "Chess.com"]
[Date "2020.05.23"]
[Round "?"]
[White "Bell, Harry"]
[Black "Vemparala, Nikash"]
[Result "1/2-1/2"]
[WhiteElo "2000"]
[BlackElo "1684"]
[PlyCount "95"]
[EventDate "2020.??.??"]

1. Nf3 d5 2. d4 Nf6 3. Bf4 e6 4. e3 c6 5. c4 Nbd7 6. Nc3 Be7 7. h3 h6 8. Rc1
O-O 9. Bd3 dxc4 10. Bxc4 b5 11. Bd3 a6 12. O-O c5 13. dxc5 Nxc5 14. Bb1 Bb7 15.
Ne5 Rc8 16. a3 Nd5 17. Nxd5 Qxd5 18. Qxd5 Bxd5 19. f3 Rfd8 20. b4 Na4 21. e4
Bb7 22. Be3 Nc3 23. Kf2 Nxb1 24. Rxb1 Rc3 25. Rfd1 Rxa3 26. Bb6 Ra2+ 27. Ke3
Rxd1 28. Rxd1 Bf6 29. Ng4 Bg5+ 30. Kd4 Rxg2 31. Ke5 Rd2 32. Rc1 Rd7 33. f4 Be7
34. Bc5 Bxc5 35. bxc5 Rc7 36. Kd6 Rc6+ 37. Kd7 f6 38. Ne3 Kf7 39. f5 a5 40. Nd5
Ra6 41. c6 Bxc6+ 42. Rxc6 Rxc6 43. Kxc6 exd5 44. exd5 b4 45. d6 b3 46. d7 b2
47. d8=Q b1=Q 48. Qd5+ 1/2-1/2

[Event "Washington Open"]
[Site "Chess.com"]
[Date "2020.05.24"]
[Round "?"]
[White "Vemparala, Nikash"]
[Black "Lavoice, Richard"]
[Result "1-0"]
[WhiteElo "1684"]
[BlackElo "1911"]
[PlyCount "133"]
[EventDate "2020.??.??"]

1. e4 e6 2. d4 d5 3. exd5 exd5 4. Nf3 Bd6 5. c4 Nf6 6. Nc3 O-O 7. c5 Be7 8. Bf4
Re8 9. Be2 c6 10. O-O b6 11. b4 a5 12. a3 Ne4 13. Nxe4 dxe4 14. Ne5 b5 15. Re1
Qd5 16. Qd2 a4 17. Bd1 f6 18. Ng4 Bxg4 19. Bxg4 f5 20. Bd1 Nd7 21. Bc2 Nf6 22.
Bb1 Qd7 23. Ba2+ Nd5 24. Be5 Kh8 25. Rac1 Rac8 26. Kh1 Bd8 27. Bxd5 Qxd5 28.
Qf4 Rf8 29. Rc3 Kg8 30. Rg3 g6 31. Qh6 Qf7 32. h4 Bc7 33. h5 Bxe5 34. hxg6 hxg6
35. dxe5 Qh7 36. Rxg6+ Kh8 37. Qxh7+ Kxh7 38. Rd6 Rfe8 39. e6 Kg7 40. g4 Kf6
41. gxf5 Kxf5 42. Re3 Rxe6 43. Rxe6 Kxe6 44. Rxe4+ Kd5 45. f3 Rg8 46. Rg4 Rf8
47. Kg2 Rf6 48. Re4 Rh6 49. Rg4 Re6 50. f4 Re2+ 51. Kh3 Ra2 52. Rg3 Ke4 53. Kg4
Rf2 54. f5 Rxf5 55. Re3+ Kxe3 56. Kxf5 Kd4 57. Ke6 Kc3 58. Kd6 Kb3 59. Kxc6
Kxa3 60. Kxb5 Kb3 61. c6 a3 62. c7 a2 63. c8=Q a1=Q 64. Qc4+ Ka3 65. Qd3+ Ka2
66. Qc2+ Ka3 67. Qa4+ 1-0

[Event "Washington Open"]
[Site "Chess.com"]
[Date "2020.05.24"]
[Round "?"]
[White "Kedjejian, Nareg"]
[Black "Vemparala, Nikash"]
[Result "1/2-1/2"]
[WhiteElo "1915"]
[BlackElo "1684"]
[PlyCount "82"]
[EventDate "2020.??.??"]

1. d4 d5 2. c4 c6 3. Nf3 Nf6 4. Nbd2 e6 5. Qc2 Nbd7 6. g3 Bd6 7. Bg2 O-O 8. b3
Re8 9. Bb2 e5 10. dxe5 Nxe5 11. O-O Bg4 12. Rfd1 Bh5 13. Nxe5 Bxe5 14. Bxe5
Rxe5 15. Nf3 Bg6 16. Qb2 Re8 17. cxd5 Nxd5 18. Ne5 Qf6 19. e4 Bxe4 20. Bxe4
Qxe5 21. Qxe5 Rxe5 22. Bg2 g6 23. f4 Re2 24. Bf3 Re3 25. Bxd5 cxd5 26. Rxd5
Rae8 27. Rd7 R3e7 28. Rad1 Rxd7 29. Rxd7 Re1+ 30. Kf2 Rb1 31. Ke3 Rb2 32. Rd2
Rxd2 33. Kxd2 Kf8 34. Kd3 Ke7 35. Kc4 Kd6 36. b4 f5 37. h3 h5 38. a4 Kc6 39. a5
Kd6 40. Kd4 b5 41. axb6 axb6 1/2-1/2

[Event "Washington Open"]
[Site "Chess.com"]
[Date "2020.05.25"]
[Round "?"]
[White "Vemparala, Nikash"]
[Black "Kuhner, Mary"]
[Result "1/2-1/2"]
[WhiteElo "1684"]
[BlackElo "1878"]
[PlyCount "131"]
[EventDate "2020.??.??"]

1. e4 e6 2. d4 d5 3. exd5 exd5 4. Nf3 Bd6 5. c4 c6 6. Nc3 dxc4 7. Bxc4 Nf6 8.
O-O O-O 9. Be3 Nbd7 10. d5 Nb6 11. Bxb6 axb6 12. Re1 Bg4 13. h3 Bh5 14. Qd3 Qc7
15. Bb3 Rad8 16. Rac1 Qb8 17. Nd2 Bg6 18. Qf3 Bf4 19. Rcd1 cxd5 20. Nf1 d4 21.
Nd5 Nxd5 22. Bxd5 d3 23. Be4 Qd6 24. Rxd3 Bxe4 25. Rxd6 Bxf3 26. Rxd8 Rxd8 27.
gxf3 Kf8 28. Re4 Bd6 29. Ra4 Ke7 30. Ne3 Kd7 31. Kf1 b5 32. Rd4 g6 33. Ng4 Kc7
34. b3 h5 35. Ne3 Kc6 36. Ke2 Bc7 37. Rxd8 Bxd8 38. Kd3 Kc5 39. Nc2 Bh4 40. Ke3
Kd5 41. Nb4+ Kd6 42. Nd3 b6 43. Nb4 Bf6 44. Nd3 Bc3 45. Ke4 f5+ 46. Ke3 g5 47.
Nc1 Kd5 48. Nd3 f4+ 49. Ke2 Bg7 50. Kd2 Bf8 51. Kc2 Kd4 52. Kd2 Bd6 53. Kc2 Kd5
54. Kd2 Ke6 55. Ke2 Kf5 56. Kd2 g4 57. fxg4+ hxg4 58. hxg4+ Kxg4 59. Ke2 Kf5
60. f3 Kg5 61. Kf2 Kf5 62. Ke2 Ke6 63. Nf2 Kd5 64. Kd3 Be5 65. Ne4 Bg7 66. Ng5
1/2-1/2

[Event "Washington Open"]
[Site "Chess.com"]
[Date "2020.05.23"]
[Round "?"]
[White "Cohen, Lawrence"]
[Black "Tembhare, Santoshkumar"]
[Result "1-0"]
[WhiteElo "2000"]
[BlackElo "1684"]
[PlyCount "133"]
[EventDate "2020.??.??"]

1. c4 e5 2. g3 Nf6 3. Bg2 Bc5 4. e3 d5 5. cxd5 Nxd5 6. a3 b6 7. b4 Be7 8. Ne2
Bb7 9. O-O Nd7 10. d4 Rb8 11. e4 N5f6 12. d5 Ba6 13. Bb2 O-O 14. Re1 Ng4 15. h3
Nh6 16. g4 Bh4 17. Ng3 Qf6 18. Nf5 Nxf5 19. exf5 Rfe8 20. Nd2 Qh6 21. Nf3 Bg5
22. Nxe5 Nxe5 23. Rxe5 Bf4 24. Rxe8+ Rxe8 25. Bd4 Bd2 26. Qc2 Qf4 27. Rd1 Re2
28. Bf1 Re1 29. Rxe1 Bxe1 30. Bxa6 Qxd4 31. Qe2 Bxf2+ 32. Qxf2 Qxd5 33. Be2 h6
34. Qf3 Qe5 35. Kg2 c5 36. bxc5 Qxc5 37. Qd3 a5 38. h4 Qc6+ 39. Bf3 Qc5 40. Be2
Qc6+ 41. Qf3 Qc5 42. a4 Qd6 43. Bb5 Qd2+ 44. Kh3 Qd4 45. g5 hxg5 46. hxg5 Qg1
47. Qg3 Qc5 48. Bd3 Qb4 49. Qb8+ Kh7 50. f6+ g6 51. Qe8 Qb3 52. Qe4 Kg8 53. Kg3
Kh7 54. Qc4 Qxc4 55. Bxc4 Kg8 56. Kf4 Kf8 57. Ke5 Ke8 58. Kd6 b5 59. Bxb5+ Kd8
60. Bc4 Ke8 61. Kc7 Kf8 62. Kd7 Kg8 63. Ke7 Kh8 64. Bxf7 Kh7 65. Be8 Kg8 66.
f7+ Kh7 67. Kf6 1-0

[Event "Washington Open"]
[Site "Chess.com"]
[Date "2020.05.23"]
[Round "?"]
[White "Tembhare, Santoshkumar"]
[Black "Orlov, Georgi"]
[Result "0-1"]
[WhiteElo "1684"]
[BlackElo "2507"]
[PlyCount "104"]
[EventDate "2020.??.??"]

1. e4 c5 2. Nf3 e6 3. Nc3 a6 4. a3 b5 5. d4 cxd4 6. Nxd4 Bb7 7. Bd3 Qc7 8. O-O
Nf6 9. Re1 Bc5 10. Be3 O-O 11. Qf3 d6 12. Qg3 Nbd7 13. Bh6 Nh5 14. Qg5 Bxd4 15.
Qxh5 gxh6 16. Qxh6 Bg7 17. Qh4 Ne5 18. Be2 Ng6 19. Qg4 f5 20. exf5 exf5 21. Qg3
Be5 22. Qg5 Qd8 23. Qh6 Rf6 24. g3 f4 25. Bd3 fxg3 26. hxg3 Qb6 27. Re2 Raf8
28. Rf1 R8f7 29. Ne4 Bxe4 30. Bxe4 Nf4 31. Qg5+ Rg7 32. gxf4 Rxg5+ 33. fxg5 Rf4
34. Bd5+ Kg7 35. Be6 Qd8 36. Re3 Rh4 37. Rfe1 Qxg5+ 38. Kf1 Rh1+ 39. Ke2 Qh5+
40. Kd2 Bf4 41. Bb3 Rxe1 42. Kxe1 Bxe3 43. fxe3 Qh1+ 44. Kf2 Qh2+ 45. Kf3 h5
46. e4 h4 47. Ke3 h3 48. Kd4 Qe5+ 49. Ke3 h2 50. Bd5 h1=Q 51. b3 Qh3+ 52. Kd2
Qec3+ 0-1

[Event "Washington Open"]
[Site "Chess.com"]
[Date "2020.05.23"]
[Round "?"]
[White "Guo, Yu Han Veronica"]
[Black "Bell, Harry"]
[Result "1-0"]
[WhiteElo "1683"]
[BlackElo "2000"]
[PlyCount "91"]
[EventDate "2020.??.??"]

1. Nf3 d5 2. d4 Nf6 3. g3 e6 4. Bg2 c5 5. c4 Nc6 6. O-O dxc4 7. Qa4 Bd7 8. Qxc4
b5 9. Qc3 c4 10. Bg5 Bb4 11. Qc2 O-O 12. Rd1 Be7 13. Nc3 Nb4 14. Qc1 Rc8 15. a3
Nbd5 16. Ne5 Nxc3 17. bxc3 h6 18. Nxd7 Qxd7 19. Bf4 Nd5 20. Bd2 f5 21. Qc2 Bd6
22. f4 Rb8 23. Bh3 Nf6 24. a4 a6 25. Ra2 Ne4 26. Be3 g5 27. axb5 axb5 28. d5
gxf4 29. Ra7 Rb7 30. Rxb7 Qxb7 31. gxf4 exd5 32. Kh1 Kh7 33. Rg1 Qf7 34. Bd4
Rg8 35. Ra1 Bb8 36. e3 Qh5 37. Bg2 Ng3+ 38. Kg1 Ne2+ 39. Kf1 Nxd4 40. cxd4 Qg6
41. Ra5 Qb6 42. Qxf5+ Kh8 43. Bxd5 Qxa5 44. Qf6+ Rg7 45. Qxh6+ Rh7 46. Qf8# 1-0

[Event "Washington Open"]
[Site "Chess.com"]
[Date "2020.05.23"]
[Round "?"]
[White "Vijayakumar, Advaith"]
[Black "Guo, Yu Han Veronica"]
[Result "1/2-1/2"]
[WhiteElo "2026"]
[BlackElo "1683"]
[PlyCount "118"]
[EventDate "2020.??.??"]

1. d4 d5 2. c4 e6 3. Nc3 Be7 4. Nf3 Nf6 5. cxd5 exd5 6. Bf4 O-O 7. e3 Bf5 8.
Qb3 b6 9. Rc1 c5 10. dxc5 bxc5 11. Qb7 Nbd7 12. Nxd5 Nxd5 13. Qxd5 Be6 14. Qd2
Bxa2 15. Ba6 Qb6 16. Qxd7 Qa5+ 17. Qd2 Qxa6 18. Qe2 Qxe2+ 19. Kxe2 c4 20. Ra1
Bb3 21. Nd4 a5 22. Nc6 Bf6 23. Nxa5 Bxb2 24. Nxb3 cxb3 25. Rxa8 Rxa8 26. Rb1
Ra2 27. Kd3 h6 28. Bg3 f6 29. Kc4 Be5 30. Kxb3 Rd2 31. Bxe5 fxe5 32. Rb2 Rd1
33. Kc3 Kf7 34. Rd2 Rh1 35. h3 Rg1 36. f3 Kf6 37. Kd3 Kf5 38. g4+ Ke6 39. Rh2
Rd1+ 40. Ke2 Ra1 41. Kf2 Kd5 42. Kg3 Re1 43. e4+ Kd4 44. Ra2 Ke3 45. Ra3+ Ke2
46. Kg2 Rd1 47. Ra5 Rd3 48. Rxe5 Rxf3 49. Rf5 Re3 50. Rf7 g5 51. Rf6 Rd3 52.
Rxh6 Rf3 53. Rg6 Rf2+ 54. Kg1 Rf1+ 55. Kh2 Rf2+ 56. Kg3 Rf3+ 57. Kg2 Rf2+ 58.
Kg1 Rf1+ 59. Kg2 Rf2+ 1/2-1/2

[Event "Washington Open"]
[Site "Chess.com"]
[Date "2020.05.24"]
[Round "?"]
[White "Chen, Minda"]
[Black "Guo, Yu Han Veronica"]
[Result "0-1"]
[WhiteElo "1966"]
[BlackElo "1683"]
[PlyCount "48"]
[EventDate "2020.??.??"]

1. d4 d5 2. c4 e6 3. Nc3 Be7 4. Nf3 Nf6 5. Bf4 O-O 6. e3 Nbd7 7. Bd3 c5 8. cxd5
exd5 9. dxc5 Nxc5 10. Bc2 b6 11. O-O Bg4 12. h3 Bh5 13. Rc1 Ne6 14. Be5 Ng5 15.
Bf5 g6 16. Bxf6 Bxf6 17. Bg4 Bxg4 18. hxg4 Ne4 19. Nd4 Rc8 20. Nce2 Qd7 21. f3
Nd6 22. b3 Nb5 23. Qd3 Nxd4 24. Qe4 Nxe2+ 0-1

[Event "Washington Open"]
[Site "Chess.com"]
[Date "2020.05.24"]
[Round "?"]
[White "Guo, Yu Han Veronica"]
[Black "Orlov, Georgi"]
[Result "0-1"]
[WhiteElo "1683"]
[BlackElo "2507"]
[PlyCount "108"]
[EventDate "2020.??.??"]

1. Nf3 Nf6 2. d4 c5 3. g3 cxd4 4. Nxd4 e5 5. Nf3 Nc6 6. Bg2 d5 7. O-O Qb6 8. a3
e4 9. Ne1 Be6 10. b4 Be7 11. Nc3 Rc8 12. Bg5 h6 13. Bxf6 Bxf6 14. Nxd5 Bxd5 15.
Qxd5 Bxa1 16. Qxe4+ Ne7 17. Nd3 Bf6 18. Nc5 Rxc5 19. bxc5 Qxc5 20. Qxb7 O-O 21.
Qb3 Rc8 22. Be4 Nc6 23. e3 Na5 24. Qa4 Nc4 25. Bb7 Rb8 26. Ba6 Nxa3 27. Bd3 a5
28. Qe4 Kf8 29. Rd1 Rd8 30. Qh7 Nc4 31. Rb1 Nb2 32. Qh8+ Ke7 33. Qh7 a4 34.
Qe4+ Kf8 35. Be2 a3 36. c4 g6 37. Qf3 Kg7 38. e4 Rd2 39. Ra1 Nxc4 40. Bxc4 Rxf2
41. Qxa3 Qxc4 42. Kxf2 Qd4+ 43. Kf3 Qxa1 44. Qxa1 Bxa1 45. g4 Kf6 46. h3 Ke5
47. Ke3 Bd4+ 48. Kd3 g5 49. Kc4 Kxe4 50. Kb5 Kf4 51. Kc6 Kg3 52. Kd5 Bf6 53.
Ke4 Kxh3 54. Kf5 Bg7 0-1

[Event "Washington Open"]
[Site "Chess.com"]
[Date "2020.05.25"]
[Round "?"]
[White "Guo, Yu Han Veronica"]
[Black "Roberts, Teddy"]
[Result "1/2-1/2"]
[WhiteElo "1683"]
[BlackElo "1934"]
[PlyCount "114"]
[EventDate "2020.??.??"]

1. Nf3 d5 2. d4 Nf6 3. g3 e6 4. Bg2 Be7 5. c4 O-O 6. O-O Nbd7 7. Qc2 b6 8. Rd1
Bb7 9. Bf4 c5 10. b3 Rc8 11. Ne5 cxd4 12. Rxd4 Bc5 13. Rd1 Nxe5 14. Bxe5 Qe7
15. Bd4 dxc4 16. bxc4 Bxg2 17. Kxg2 e5 18. Bxc5 Qxc5 19. Nd2 Ng4 20. Qf5 Nh6
21. Qe4 Qc6 22. Rac1 Ng4 23. Qxc6 Rxc6 24. Ne4 f5 25. Nd6 g6 26. Rd5 Nf6 27.
Rd3 e4 28. Rd4 Ne8 29. Nxe8 Rxe8 30. Rd7 Rec8 31. Rxa7 Rxc4 32. Rd1 R4c7 33.
Ra6 Rb8 34. Rb1 b5 35. Ra3 Kg7 36. e3 h5 37. Rab3 Rc2 38. a4 b4 39. Rxb4 Rxb4
40. Rxb4 Ra2 41. h3 Kf6 42. g4 hxg4 43. hxg4 Kg5 44. gxf5 gxf5 45. Kg3 Ra3 46.
Rc4 f4+ 47. Kg2 fxe3 48. Rxe4 exf2 49. Kxf2 Kf5 50. Rh4 Ke5 51. Ke2 Kd5 52. Kd2
Kc5 53. Kc2 Kb6 54. Kb2 Rg3 55. Rh1 Ka5 56. Ra1 Rh3 57. Kc2 Rg3 1/2-1/2

[Event "Washington Open"]
[Site "Chess.com"]
[Date "2020.05.25"]
[Round "?"]
[White "Airapetian, Chouchanik"]
[Black "Guo, Yu Han Veronica"]
[Result "1-0"]
[WhiteElo "2104"]
[BlackElo "1683"]
[PlyCount "185"]
[EventDate "2020.??.??"]

1. e4 c6 2. d4 d5 3. exd5 cxd5 4. Bd3 Nc6 5. Nf3 Nf6 6. c3 Bg4 7. h3 Bh5 8. Qb3
Qc7 9. Bf4 Qd7 10. Ne5 Qc8 11. Bb5 a6 12. Bxc6+ bxc6 13. Qa4 Qe6 14. Qxc6+ Qxc6
15. Nxc6 e6 16. Ne5 Nd7 17. Nxd7 Kxd7 18. Nd2 f6 19. O-O g5 20. Bg3 Bh6 21. Nb3
Rhe8 22. Rae1 Kc6 23. f4 g4 24. Nc5 gxh3 25. gxh3 Bf7 26. Kh2 f5 27. Bh4 Bf8
28. Nd3 Bh5 29. Rg1 Bh6 30. Bg5 Bg7 31. Rg3 Kd6 32. Bh4 Bh8 33. Rge3 Bf7 34.
Nc5 a5 35. b3 Ra7 36. R1e2 Raa8 37. a3 Ra7 38. Kh1 Bg7 39. Rg2 Bh5 40. Kg1 Bh6
41. Bg5 Bg7 42. Kf2 Bh8 43. Rg1 Bf7 44. Bh6 Bf6 45. Kf1 Kc6 46. Bg5 Bg7 47. Ke1
Bf8 48. Nd3 Bxa3 49. Ne5+ Kb6 50. Nxf7 Rxf7 51. Kd2 Bd6 52. Rge1 Kc7 53. Rxe6
Rh8 54. Rh6 Bf8 55. Ra6 Kb7 56. Rxa5 h6 57. Bh4 Bd6 58. Rea1 Bxf4+ 59. Kd3 Bb8
60. Rxd5 f4 61. Rb5+ Kc6 62. c4 Re8 63. d5+ Kd6 64. Ra6+ Kd7 65. Rb7+ Bc7 66.
d6 Kc8 67. Rxc7+ Rxc7 68. dxc7 Kxc7 69. Bf2 f3 70. Rf6 Rd8+ 71. Kc3 Rd1 72.
Rxf3 Rc1+ 73. Kd4 Rd1+ 74. Rd3 Rf1 75. Bg3+ Kc6 76. b4 Rh1 77. Bf4 h5 78. b5+
Kb6 79. Kd5 Rf1 80. Be3+ Kc7 81. Bd4 Rf5+ 82. Ke4 Rf7 83. c5 Re7+ 84. Be5+ Kb7
85. Ra3 h4 86. Kd5 Rd7+ 87. Bd6 Rf7 88. b6 Rf5+ 89. Be5 Rh5 90. Ra7+ Kc8 91. c6
Rxe5+ 92. Kxe5 Kb8 93. Rh7 1-0

[Event "Washington Open"]
[Site "Chess.com"]
[Date "2020.05.23"]
[Round "?"]
[White "Razmov, Valentin"]
[Black "Heath, Derek"]
[Result "1-0"]
[WhiteElo "1986"]
[BlackElo "1677"]
[PlyCount "49"]
[EventDate "2020.??.??"]

1. d4 d5 2. c4 e5 3. dxe5 d4 4. a3 Nc6 5. e3 d3 6. Qxd3 Qxd3 7. Bxd3 Nxe5 8.
Be2 Be6 9. Nd2 O-O-O 10. Ngf3 Bd6 11. b3 Nf6 12. Bb2 Nxf3+ 13. Nxf3 Ne4 14. O-O
f6 15. Rfd1 Rd7 16. Nd4 Re8 17. Nxe6 Rxe6 18. Bg4 f5 19. Bxf5 Nxf2 20. Bxe6
Nxd1 21. Rxd1 b6 22. b4 c5 23. bxc5 bxc5 24. Bxd7+ Kxd7 25. Be5 1-0

[Event "Washington Open"]
[Site "Chess.com"]
[Date "2020.05.23"]
[Round "?"]
[White "Heath, Derek"]
[Black "Raptis, Nick"]
[Result "0-1"]
[WhiteElo "1677"]
[BlackElo "2393"]
[PlyCount "104"]
[EventDate "2020.??.??"]

1. d4 Nf6 2. Bf4 g6 3. Nc3 d5 4. e3 Bg7 5. h4 c5 6. Nb5 Na6 7. c3 O-O 8. Bd3
Bd7 9. a4 Bxb5 10. axb5 Nc7 11. h5 Ne6 12. hxg6 hxg6 13. Bh6 Bxh6 14. Rxh6 Kg7
15. Rh1 Rh8 16. Rxh8 Qxh8 17. Qd2 Qh1 18. O-O-O Qxg2 19. Qe2 Rh8 20. Qf3 Rh2
21. Rf1 c4 22. Be2 Ne4 23. Qxg2 Rxg2 24. Bf3 Rh2 25. Bxe4 dxe4 26. Ne2 Nc7 27.
Ng3 f5 28. b6 axb6 29. Ne2 Nd5 30. Kd1 g5 31. Ng3 e6 32. Ke1 b5 33. Kd2 b4 34.
Kc2 b3+ 35. Kd2 b5 36. Kd1 b4 37. Kd2 Kg6 38. Ne2 bxc3+ 39. Nxc3 Kh5 40. Nb5 f4
41. exf4 gxf4 42. Nd6 e3+ 43. Ke2 c3 44. Nc4 c2 45. Ne5 Rxf2+ 46. Rxf2 exf2 47.
Nd3 Nb4 48. Nc1 Na2 49. Nxb3 c1=Q 50. Nxc1 Nxc1+ 51. Kxf2 Nb3 52. Kf3 Kg5 0-1

[Event "Washington Open"]
[Site "Chess.com"]
[Date "2020.05.23"]
[Round "?"]
[White "Wang, Felicity"]
[Black "Nathan, Jacob"]
[Result "0-1"]
[WhiteElo "1667"]
[BlackElo "1984"]
[PlyCount "110"]
[EventDate "2020.??.??"]

1. e4 c5 2. Nf3 e6 3. d4 cxd4 4. Nxd4 a6 5. Bd3 Bc5 6. c3 Ne7 7. O-O O-O 8. Nd2
Nbc6 9. N2f3 Ng6 10. Nxc6 bxc6 11. Qe2 e5 12. b4 Bb6 13. Bb2 Nf4 14. Qd2 d6 15.
Bc4 Qf6 16. Kh1 Nxg2 17. Qg5 Qxg5 18. Nxg5 Nf4 19. Rfd1 d5 20. exd5 cxd5 21.
Bf1 f6 22. Nf3 Bg4 23. Bg2 e4 24. Nd4 Bxd1 25. Rxd1 Bxd4 26. Rxd4 Nxg2 27. Kxg2
Rfd8 28. c4 dxc4 29. Rxc4 Rd2 30. Bc1 Rxa2 31. Rxe4 Ra4 32. Bd2 a5 33. Kf3 axb4
34. Rxb4 Rxb4 35. Bxb4 Kf7 36. Bd6 Ke6 37. Bg3 h5 38. h4 Kf5 39. Bf4 Ra3+ 40.
Be3 Rxe3+ 41. fxe3 g5 42. hxg5 fxg5 43. e4+ Ke5 44. Ke3 g4 45. Kd3 h4 46. Ke3
h3 47. Kf2 Kxe4 48. Kg3 Kf5 49. Kh2 Kf4 50. Kg1 Kg3 51. Kh1 Kf2 52. Kh2 g3+ 53.
Kh1 g2+ 54. Kh2 g1=Q+ 55. Kxh3 Qg3# 0-1

[Event "Washington Open"]
[Site "Chess.com"]
[Date "2020.05.23"]
[Round "?"]
[White "Qian, Daniel"]
[Black "Wang, Felicity"]
[Result "1-0"]
[WhiteElo "1886"]
[BlackElo "1667"]
[PlyCount "111"]
[EventDate "2020.??.??"]

1. d4 g6 2. c4 Bg7 3. Nc3 d6 4. e4 Nd7 5. Nf3 e5 6. Be3 Ne7 7. d5 h6 8. Nd2 O-O
9. Be2 f5 10. f3 Nf6 11. b4 f4 12. Bf2 g5 13. c5 Bd7 14. Nc4 Bc8 15. cxd6 cxd6
16. Nb5 Ne8 17. Nxa7 Bd7 18. Nb6 Rb8 19. Nxd7 Qxd7 20. Bb5 Qd8 21. Qc2 Nc8 22.
Bxe8 Rxe8 23. Nxc8 Rxc8 24. Qb3 Qd7 25. Kd2 Qb5 26. Rhc1 h5 27. a4 Qd7 28. Rc4
Rxc4 29. Qxc4 Rc8 30. Qb5 Qc7 31. Qd3 g4 32. a5 Bf6 33. b5 gxf3 34. gxf3 Kh7
35. a6 b6 36. Ra2 Qc1+ 37. Ke2 Qc7 38. Ra1 Rg8 39. Rg1 Rc8 40. Kd2 Kh6 41. Qb3
Bd8 42. Qb2 Qd7 43. Rc1 Ra8 44. Qb4 Bc7 45. Qc4 Ra7 46. Qf1 Qd8 47. Rc6 Kh7 48.
Qh3 Kh6 49. Qe6+ Kg7 50. Rc1 Kh7 51. Qf5+ Kh8 52. Qxh5+ Kg7 53. Rg1+ Kf8 54.
Qf5+ Ke8 55. Qe6+ Kf8 56. Rg8# 1-0

[Event "Washington Open"]
[Site "Chess.com"]
[Date "2020.05.24"]
[Round "?"]
[White "Ackerman, Ryan"]
[Black "Wang, Felicity"]
[Result "0-1"]
[WhiteElo "1922"]
[BlackElo "1667"]
[PlyCount "72"]
[EventDate "2020.??.??"]

1. e4 e5 2. d4 exd4 3. c3 Nc6 4. cxd4 d5 5. e5 f6 6. f4 g6 7. Nf3 Bg7 8. Bb5
Nge7 9. a3 a6 10. Ba4 O-O 11. O-O Na5 12. Bd2 Nc4 13. Qc1 Be6 14. Bc2 Nxd2 15.
Nbxd2 b6 16. b4 a5 17. Qb2 Qd7 18. b5 c6 19. bxc6 Qxc6 20. Rfc1 Qb7 21. Rab1
Rab8 22. Bd3 Bd7 23. Rc3 fxe5 24. fxe5 Bh6 25. Rb3 Nc8 26. Bb5 Bf5 27. Rc1 Na7
28. Bd3 Bg4 29. Rb1 Nc8 30. Rb5 Qa8 31. Qc2 Kg7 32. Qc7+ Rf7 33. Qc3 Bd7 34.
R5b2 Be6 35. Nb3 Rbb7 36. Nxa5 Rbc7 0-1